000 00713nam a2200289Ia 4500
005 20260324120242.0
008 008 260324s9999 xx 000 0 eng d
020 _a9781315570105
037 _aEBOOK
040 _aCRL
040 _beng
040 _cCRL
041 _2eng
041 _aeng
084 _qCRL
100 _aSarah Dietz
_91157828
245 0 _aBritish Entrepreneurship in Poland
245 2 _bA Case Study of Bradford Mills at Marki near Warsaw, 1883-1939
260 _bTaylor and Francis
260 _c2015
365 _a
365 _b230
856 _uhttp://www.taylorfrancis.com/books/9781315570105
942 _cEBOOK
999 _c1749269
_d1749269